000
00312nam a2200133Ia 4500
008
240624s9999 xx 000 0 und d
041
_a
eng
082
_a
658.83 SAT
100
_a
SATHYAPRIYA P
245
_a
MARKETING RESEARCH
260
_a
New Delhi
_b
Wiley
300
_a
242 : p. : cm. ; 28
365
_c
RS
_b
33
999
_c
26406
_d
26406